Литература. Ч. 2 (Запись № 3235573)

Подробности
000 -МАРКЕР
контрольное поле 01074nam2a2200277 4500
001 - ИДЕНТИФИКАТОР ЗАПИСИ
контрольное поле RU\NLR\bibl\1926179
005 - ИДЕНТИФИКАТОР ВЕРСИИ
контрольное поле 20250616201926.0
010 ## - МЕЖДУНАРОДНЫЙ СТАНДАРТНЫЙ НОМЕР КНИГИ (ISBN)
Номер (ISBN) 978-5-358-09932-6
Уточнения ч. 2
Тираж 1500
021 ## - НОМЕР ГОСУДАРСТВЕННОЙ РЕГИСТРАЦИИ
Код страны Российская Федерация
Номер 2012-47539
Номер Листа государственной регистраци 3483
021 ## - НОМЕР ГОСУДАРСТВЕННОЙ РЕГИСТРАЦИИ
Код страны Российская Федерация
Номер 2012-63589
Номер Листа государственной регистраци 4667
035 ## - ДРУГИЕ СИСТЕМНЫЕ НОМЕРА
Идентификатор записи (NLR Aleph) 001915581
100 ## - ДАННЫЕ ОБЩЕЙ ОБРАБОТКИ
Данные общей обработки 20120718d2012 |||y0rusy50 ca
101 0# - ЯЗЫК РЕСУРСА
Язык текста, звукозаписи и т.д. русский
102 ## - СТРАНА ПУБЛИКАЦИИ ИЛИ ПРОИЗВОДСТВА
Страна публикации Российская Федерация
105 ## - ПОЛЕ КОДИРОВАННЫХ ДАННЫХ: ТЕКСТОВЫЕ МАТЕРИАЛЫ, МОНОГРАФИЧЕСКИЕ
Кодированные данные о монографическом текстовом документе ac |||||||||
200 0# - ЗАГЛАВИЕ И СВЕДЕНИЯ ОБ ОТВЕТСТВЕННОСТИ
Основное заглавие Ч. 2
205 ## - СВЕДЕНИЯ ОБ ИЗДАНИИ
Сведения об издании (и 3-е изд. стер.)
215 ## - ФИЗИЧЕСКАЯ ХАРАКТЕРИСТИКА
Специфическое обозначение материала и объем 252, [1] с., [8] л. ил., цв. ил., портр.
Другие сведения о физической характеристике ил., портр.
461 #0 - УРОВЕНЬ НАБОРА
Встроенное поле 001RU\NLR\bibl\2009778
-- 2001#$aЛитература$vЧ. 2
Системный номер (АБИС) связанной записи 4323297
Место публикации Москва
Дата публикации 2012
Первые сведения об ответственности [авт.-сост.: М.В. Черкезова и др.]
Имя издателя, распространителя и т.д. Дрофа
Сведения, относящиеся к заглавию учебник-хрестоматия для общеобразовательных учреждений : 5 [класс] : в 2 ч.
Заглавие Литература
ISBN 9785358099333
Номер тома Ч. 2
801 #0 - ИСТОЧНИК ЗАПИСИ
Страна Российская Федерация
Организация NLR
Дата составления 20120718
Правила каталогизации RCR
801 #1 - ИСТОЧНИК ЗАПИСИ
Страна Российская Федерация
Организация NLR
Дата составления 20120718
942 ## - ДОПОЛНИТЕЛЬНЫЕ ЭЛЕМЕНТЫ ЗАПИСИ (АБИС)
Тип экземпляра АБИС Книга
980 ## - КОЛЛЕКЦИЯ
Название коллекции Национальная библиография
Экземпляры
Тип экземпляра Дата поступления Источник поступления Библиотека постоянного хранения Библиотека текущего хранения Место хранения Шифр хранения Штрих-код Статус экземпляра
Книга 18.07.2012 Обязательный экземпляр РНБ (Московский) РНБ (Московский) Русский книжный фонд: издания с 1957 года 2012-5/5292 1-136694  
Книга 18.07.2012 Обязательный экземпляр РНБ (Московский) РНБ (Московский) Обменный фонд   3693869  
Книга 21.09.2012 Обязательный экземпляр РНБ (Московский) РНБ (Московский) Обменный фонд   3730748  
Книга 21.09.2012 Обязательный экземпляр РНБ (Московский) РНБ (Московский) Обменный фонд   3730749  
Книга 13.03.2014 Обязательный экземпляр РНБ (Московский) РНБ (Московский) Обменный фонд   1-399699